Meghivó

Správa o tom, že Humenský katolícky kruh usporiada 5. 07. 1903 spoločenskú zábavu, ktorej výnosy pôjdu na pozdvihnutie vlastnej finančnej základiny. V rámci tejto príležitosti bude pozdravený aj "Punday bácsi" [Ján (János) Punday kantor-učiteľ] pri príležitosti 50 ročného učiteľského pôsob...

Celý popis

Podrobná bibliografia
Médium: Článok
Jazyk:Hungarian
Témy:
Zdroj: 1. Homonna és Vidéke : Vegyes tartalmu közmüvelődési, szépirodalmi és közgazdasági hetilap 1. Roč. 3, č. 26 (25.06.1903) s. 2
LEADER 01452nab#a2200337#ar4500
001 000073595
003 SVKKK
005 20100928121008.0
008 080512d1903 xo |||||||||||||||b|hun
FMT
038 |a SVKKK 
040 |a SVKKK  |b slo  |e AACR2 
041 0 |a hun 
044 |a xo  |c SK 
080 |a 267  |2 1997 
242 1 0 |a Pozvánka  |y slo 
245 1 0 |a Meghivó 
500 |a mikrofilm 
520 2 |a Správa o tom, že Humenský katolícky kruh usporiada 5. 07. 1903 spoločenskú zábavu, ktorej výnosy pôjdu na pozdvihnutie vlastnej finančnej základiny. V rámci tejto príležitosti bude pozdravený aj "Punday bácsi" [Ján (János) Punday kantor-učiteľ] pri príležitosti 50 ročného učiteľského pôsobenia 
650 0 4 |a zábava spoločenská - Humenský katolícky kruh (organizátor) - predseda cirkevný (funkcia) - Kutka, Štefan (farár gréckokatolícky) - predseda svetský (funkcia) - Thoronszky, Alex (právnik) - Humenné - 5.07.1903 - program - pozvánka - texty 
655 4 |a hungariká 
773 0 |t Homonna és Vidéke : Vegyes tartalmu közmüvelődési, szépirodalmi és közgazdasági hetilap  |g Roč. 3, č. 26 (25.06.1903) s. 2 
957 |a Humenné 
958 |a DG 
958 |a HU 
974 |a Ba 
992 |a RBX 
997 |a Kutka Dorogi, István p. Kutka Dorogi, Štefan  |d Homonna p. Humenné 
997 |a Thoronszky, Elek p. Thoronszky,, Alex  |d Homonna p. Humenné 
BAS
998 |a RETRO